Up in smoke : from legislation to litigation in tobacco politics /

Bibliographic Details
Main Author: Derthick, Martha
Format: Book
Language:English
Published: Washington, D.C. : CQ Press, [2012]
Edition:Third edition.
Subjects:

MARC

Tag First Indicator Second Indicator Subfields
LEADER 00000cam a2200000 a 4500
001 in00004515921
005 20191204153947.0
008 110616s2012 dcua b 001 0 eng
010 |a  2011025063 
019 |a 731343025 
020 |a 9781452202235 (pbk. : alk. paper) 
020 |a 1452202230 (pbk. : alk. paper) 
035 |a (OCoLC)ocn731372981 
035 |a (OCoLC)731372981  |z (OCoLC)731343025 
035 |z (UtOrBLW)54938 
035 |a 76321 
040 |a DLC  |c DLC  |d YDX  |d YDXCP  |d BWX  |d TMV  |d UtOrBLW 
042 |a pcc 
043 |a n-us--- 
049 |a TMVM  |c 1 
050 0 0 |a KF3894.T63  |b D47 2012 
060 4 |a KF 3894.T63  |b D438u 2012 
082 0 0 |a 338.4/767970973  |2 23 
100 1 |a Derthick, Martha. 
245 1 0 |a Up in smoke :  |b from legislation to litigation in tobacco politics /  |c Martha A. Derthick. 
250 |a Third edition. 
264 1 |a Washington, D.C. :  |b CQ Press,  |c [2012] 
264 4 |c ©2012 
300 |a xiv, 265 pages :  |b illustrations ;  |c 23 cm. 
336 |a text  |2 rdacontent  |b txt 
337 |a unmediated  |2 rdamedia 
338 |a volume  |2 rdacarrier  |b nc 
504 |a Includes bibliographical references and index. 
505 0 |a Preface -- A new way of regulating tobacco -- The ordinary politics of legislation -- Ordinary torts: litigation before it was substituted for legislation -- The drive for FDA regulation -- The new wave of litigation. 
650 0 |a Tobacco  |x Law and legislation  |z United States. 
650 0 |a Tobacco  |x Government policy  |z United States. 
650 0 |a Products liability  |x Tobacco  |z United States  |x History. 
650 2 |a Tobacco. 
999 |a MARS 
999 f f |s cdf03b2b-12f8-30c8-9f41-34d5ce9aa490  |i 24ca372a-7134-3e50-8088-30edd887527f  |t 0 
952 f f |p ric  |a Texas A&M University  |b Rellis Campus  |c Joint Library Facility  |d Remote Storage  |t 0  |e KF 3894.T63 D438u 2012  |h National Library of Medicine classification  |i unmediated -- volume  |m 3238902234957 
998 f f |a KF 3894.T63 D438u 2012  |t 0  |l Remote Storage